000 00507nam a2200133 a 4500
001 000028105
005 20200930031343.0
008 110406s1931 dr 000 0 spa d
040 _aDO-SdBNP
_bspa
_cBNPHU
245 0 0 _aHomenaje que el pueblo rinde al Gral. Rafael Leónidas Trujillo Hon. presidente de la República Dominicana, en ocación de su triunfal retorno de las ubérrimas regiones Cibaeñas.
260 _aSanto Domingo, :
_bImprenta Montalvo,
_c1931.
300 _a60 p. ;
_c21 cm.
049 _aBNPD
999 _c27597
_d27597